| 000 | 01378 a2200277 4500 | ||
|---|---|---|---|
| 001 | 40450 | ||
| 005 | 20260407155658.0 | ||
| 008 | 260407a2016 arg spa d | ||
| 003 | AR-UNSa-BCEJYS | ||
| 040 |
_aAR-UNSa-BCEJYS _bspa _cAR-UNSa-BCEJYS |
||
| 080 |
_a336.226 _xTipos de impuestos. Impuestos directos e indirectos |
||
| 245 | 1 | 0 |
_aImpuestos sobre los bienes personales y a la ganancia mínima presunta _pexplicados y comentados |
| 020 | _a978-987-01-1920-3 | ||
| 250 | _a4a. ed | ||
| 264 | 1 |
_aBuenos Aires : _bErrepar _c2016 |
|
| 300 |
_a141 p. _c27 cm. |
||
| 505 | _aImpuesto sobre los bienes personales: 1. Imposición sobre el patrimonio - 2. Hecho imponible - 3. Exenciones - 4. Valuación de bienes - 5. Régimen de responsabilidad sustituta - 6. Liquidación y pago del impuesto -- Impuesto a la ganancia mínima presunta: 1. Impuesto a la ganancia mínima presunta - 2. Hecho imponible - 3. Bienes exentos, no computables y no considerados como activos - 4. Valuación de bienes - 5. Liquidación y pago del impuesto | ||
| 041 | _aspa | ||
| 942 | _cBK | ||
| 590 | _aniveau_biblio:m niveau_hierar:0 | ||
| 100 | 1 | _aCeldeiro, Ernesto Carlos | |
| 700 | 1 | _aImirizaldu, Juan José | |
| 700 | 1 | _aGómez, María Celeste | |
| 700 | 1 | _aRofrano, Guido Omar | |
| 856 | 4 | 1 |
_uhttps://biblioeco.unsa.edu.ar/pmb/images/libros/L125932.jpg _yImagen de portada _qimage/jpeg |
| 999 |
_c3217 _d3217 |
||